000 00388 a2200121 4500
001 ART_45709
005 20260410161630.0
008 260409a
245 1 0 _aLos efectos de la inestabilidad económica y política en el mercado agropecuario argentino
100 1 _aFano, Diego G.
700 1 _aGibson, Victoria E.
773 0 _tEnfoques
_g- Nº 4 (abr. 2018)
_wREV416
999 _c12365
_d12365